00887 2200193 4500245004700000020002200047250001100069100001800080700000900098700002100107650001700128005001900145260004100164041001400205084001300219300003200232500042000264336000900684 aSpy x Family Volume 6cEndo, TatsuyahText a978-623-00-3198-4 aCet. 1 aEndo, Tatsuya aLois aAnindhita Raghia aKomik Jepang a20240223133722 aJakartabElex Media Komputindoc2022 aIndonesia a741.5592 a... jil. :bilus. ;c18 cm. aWise mendapat informasi keberadaan dokumen peninggalan mendiang petinggi militer yang bisa mengancam perdamaian timur dan barat. Petunjuk keberadaan dokumen ini tersembunyi dalam lukisan yang dijaga ketat dalam koleksi seorang konglomerat, dan satu-satunya cara untuk mendapatkany adalah dengan menjurai turnamen tenis gelap. Twilight ditugaskan berpasagan dengan Nightfall, agen yang sangat terobsesi pada dirinya. atext